| 000 | 01101nam a22003257a 4500 | ||
|---|---|---|---|
| 001 | 0014205 | ||
| 003 | KOHA_MİRAKIL | ||
| 005 | 20260207001946.0 | ||
| 007 | ta | ||
| 008 | 100225b1971 tu |||gr||||#||||0|tur | | ||
| 020 | _cTL18 | ||
| 040 |
_aTR-BiSEU _btur _cTR-BiSEU _erda |
||
| 041 | 0 | _atur | |
| 044 | _ctu | ||
| 050 |
_aHC492 _b.C66 1971 |
||
| 100 | 1 | _aÇömlekçi, Necla. | |
| 245 | 1 |
_aTürkiye'nin iktisadi kalkınmasında eğitimin rolü/ _cNecla Çömlekçi ; Necla Çölekçi. |
|
| 264 | 1 |
_aEskişehir : _bİktisadi ve ticari ilimler akademisi yayınları _c1971 |
|
| 300 | _a137 sayfa: tablo; 25 cm. | ||
| 336 |
_ametin _btxt _2rdacontent |
||
| 337 |
_aaracısız _bn _2rdamedia |
||
| 338 |
_acilt _bnc _2rdacarrier |
||
| 490 | 1 | _aEskişehir İktisadi ve Ticari İlimler Akademisi Yayınları;No.85/45 | |
| 500 | _aKaynakça var. | ||
| 650 | 0 |
_aEkonomik kalkınma. _97651 |
|
| 650 | 0 |
_aİnsangücü politikası. _931860 |
|
| 650 | 0 |
_aEğitim--Türkiye. _920458 |
|
| 830 | 1 |
_aEskişehir İktisadi ve Ticari İlimler Akademisi Yayınları;No.85/45 _933245 |
|
| 942 |
_2lcc _cBK |
||
| 999 |
_c14168 _d14168 |
||